000 02065nam0a22003971 4500
001 rc\2379274
005 20250623101558.0
010 _d30 к.
021 _aRU
_b78-105894
035 _a(NLR Aleph) 006717100
090 _a5404143
_c5404143
100 _a20110829d1978 |||y0rusy50 ca
101 1 _arus
_ceng
102 _aRU
105 _ay z |||||
200 1 _aРезистентность переносчиков и резервуаров инфекции к пестицидам
_eдвадцать второй доклад Комитета экспертов ВОЗ по инсектицидам
_e[перевод с английского]
210 _aМосква
_cМедицина
_d1978
215 _a99 с.
_d21
225 1 _aСерия технических докладов
_fВсемирная организация здравоохранения
_v№ 585
606 1 _aИнсектициды
_xБиологическое действие
_92136334
_3RU\NLR\AUTH\661288163
606 1 _aНасекомые-переносчики болезней
_xУстойчивость к пестицидам
_91698272
_3RU\NLR\AUTH\66755668
606 1 _aКлещи-переносчики болезней
_91483247
_3RU\NLR\AUTH\66633041
606 1 _aНасекомые-переносчики болезней
_xБорьба с ними
_xПрименение пестицидов
_91697582
_3RU\NLR\AUTH\66755309
606 1 _aНасекомые-переносчики болезней
_xУстойчивость к пестицидам
_91698272
_3RU\NLR\AUTH\66755668
686 1 _aР267.89
686 1 _aР193.947.021
686 1 _aР194.4
711 0 2 _aВсемирная организация здравоохранения
_bКомитет экспертов по инсектицидам
_9874812
_3RU\NLR\AUTH\880602961
801 0 _aRU
_bNLR
_gpsbo
801 1 _aRU
_bELAR
_2rusmarc
852 _aNLR
_jП16/1130 (№ 585)
899 _aRuMoRGB
_jXXV 33/104
899 _aRuMoRGB
_jXXV 34/104
942 _cBOOK
980 _aNB